Ein Einzelner
| Main Author: | |
|---|---|
| Contributors: | |
| Format: | Print Article |
| Language: | German |
| Check availability: | HBZ Gateway |
| Interlibrary Loan: | Interlibrary Loan for the Fachinformationsdienste (Specialized Information Services in Germany) |
| Published: |
2023
|
| In: |
Theologische Beiträge
Year: 2023, Volume: 54, Issue: 5/6, Pages: 389-391 |
| Standardized Subjects / Keyword chains: | B
The Individual person
/ Human being
/ God
|
| RelBib Classification: | NBC Doctrine of God NBE Anthropology |
MARC
| LEADER | 00000caa a2200000 c 4500 | ||
|---|---|---|---|
| 001 | 1883864984 | ||
| 003 | DE-627 | ||
| 005 | 20240321094150.0 | ||
| 007 | tu | ||
| 008 | 240320s2023 xx ||||| 00| ||ger c | ||
| 035 | |a (DE-627)1883864984 | ||
| 035 | |a (DE-599)KXP1883864984 | ||
| 040 | |a DE-627 |b ger |c DE-627 |e rda | ||
| 041 | |a ger | ||
| 084 | |a 0 |a 1 |2 ssgn | ||
| 100 | 1 | |e VerfasserIn |0 (DE-588)118562002 |0 (DE-627)133369072 |0 (DE-576)20898786X |4 aut |a Kierkegaard, Søren |d 1813-1855 | |
| 109 | |a Afham, William 1813-1855 |a Bogbinder, Hilarius 1813-1855 |a Constantius, Constantin 1813-1855 |a Haufniensis, Vigilius 1813-1855 |a Anti-Climacus 1813-1855 |a Johannes Climacus 1813-1855 |a Eremita, Victor 1813-1855 |a Notabene, Nikolaus 1813-1855 |a Kjerkegaard, S. 1813-1855 |a Kierkegaard, St́ren 1813-1855 |a Vigilius Haufniensis 1813-1855 |a Kierkegaard, Sören 1813-1855 |a Climacus, Johannes 1813-1855 |a Minor, Petrus 1813-1855 |a Kjerkegor, Seren 1813-1855 |a Inter et inter 1813-1855 |a Kierkegaard, Søren 1813-1855 |a Kierkegaard, Søren Aabye 1813-1855 |a Kierkegaard, Soren Aabye 1813-1855 |a Kierkegaard, S. 1813-1855 |a K'erkegor 1813-1855 |a Kierkegaard, Søren A. 1813-1855 |a Kirkegor, Seren 1813-1855 |a Buchbinder, Hilarius 1813-1855 |a Kierkegaard, Soeren 1813-1855 |a Johannes de Silentio 1813-1855 |a Silentio, Johannes de 1813-1855 |a Kierkegaard, Sören A. 1813-1855 |a Kierkegaard, Soren 1813-1855 |a Kierkegaard, Soren A. 1813-1855 |a Kierkegaard, St́ren A. 1813-1855 |a Eremita, Viktor 1813-1855 |a Notabene, Nicolaus 1813-1855 |a Vigilius 1813-1855 |a Nicolaus Notabene 1813-1855 |a Kierkegaard, S.A. 1813-1855 |a Kierkegaard, S. A. 1813-1855 | ||
| 245 | 1 | 4 | |a Ein Einzelner |c Søren Kierkegaard |
| 264 | 1 | |c 2023 | |
| 336 | |a Text |b txt |2 rdacontent | ||
| 337 | |a ohne Hilfsmittel zu benutzen |b n |2 rdamedia | ||
| 338 | |a Band |b nc |2 rdacarrier | ||
| 652 | |a NBC:NBE | ||
| 689 | 0 | 0 | |d s |0 (DE-588)4253319-3 |0 (DE-627)104716967 |0 (DE-576)210530227 |2 gnd |a Der Einzelne |
| 689 | 0 | 1 | |d s |0 (DE-588)4038639-9 |0 (DE-627)106231286 |0 (DE-576)209031298 |2 gnd |a Mensch |
| 689 | 0 | 2 | |d s |0 (DE-588)4021662-7 |0 (DE-627)104649747 |0 (DE-576)208939261 |2 gnd |a Gott |
| 689 | 0 | |5 (DE-627) | |
| 700 | 1 | |e VerfasserIn einer Einleitung |0 (DE-588)124008712 |0 (DE-627)08558021X |0 (DE-576)187740151 |4 win |a Braun, Reiner |d 1968- | |
| 773 | 0 | 8 | |i Enthalten in |t Theologische Beiträge |d Witten : SCM R. Brockhaus, 1970 |g 54(2023), 5/6, Seite 389-391 |w (DE-627)130163155 |w (DE-600)518505-1 |w (DE-576)015705838 |x 0342-2372 |7 nnas |
| 773 | 1 | 8 | |g volume:54 |g year:2023 |g number:5/6 |g pages:389-391 |
| 951 | |a AR | ||
| ELC | |b 1 | ||
| ITA | |a 1 |t 1 | ||
| LOK | |0 000 xxxxxcx a22 zn 4500 | ||
| LOK | |0 001 4501939834 | ||
| LOK | |0 003 DE-627 | ||
| LOK | |0 004 1883864984 | ||
| LOK | |0 005 20240321094150 | ||
| LOK | |0 008 240320||||||||||||||||ger||||||| | ||
| LOK | |0 040 |a DE-Tue135 |c DE-627 |d DE-Tue135 | ||
| LOK | |0 092 |o n | ||
| LOK | |0 852 |a DE-Tue135 | ||
| LOK | |0 852 1 |9 00 | ||
| LOK | |0 935 |a ixzs | ||
| LOK | |0 936ln |0 144205168X |a NBE | ||
| LOK | |0 936ln |0 1442051507 |a NBC | ||
| LOK | |0 939 |a 20-03-24 |b l01 | ||
| ORI | |a SA-MARC-ixtheoa001.raw | ||
| REL | |a 1 | ||
| STA | 0 | 0 | |a God,God,Human being,Human being,Man,Anthropoid representation,Human image,Human beings in literature,The Individual person |
| STB | 0 | 0 | |a Dieu,Dieu,L'individu,Être humain,Être humain,Homme,Homme,Homo sapiens,Personnages littéraires |
| STC | 0 | 0 | |a Dios,Dios,El individuo,Ser humano,Ser humano |
| STD | 0 | 0 | |a Dio,Dio,Essere umano,Essere umano,L'individuo |
| STE | 0 | 0 | |a 人,人,人类,人类,神,神,上帝,上帝 |
| STF | 0 | 0 | |a 人,人,人類,人類,神,神,上帝,上帝 |
| STG | 0 | 0 | |a Deus,Deus,O indivíduo,Ser humano,Ser humano |
| STH | 0 | 0 | |a Бог (мотив),Бог,Индивидуум,Человек (мотив),Человек |
| STI | 0 | 0 | |a Άνθρωπος (μοτίβο),Άνθρωπος,Θεός (μοτίβο),Θεός,Το Άτομο |
| SUB | |a REL | ||
| SYG | 0 | 0 | |a Menschen,Menschenbild,Anthropoide Darstellung,Menschen,Homo sapiens , Playing God |



